| 000 | 00611nam a22001817a 4500 | ||
|---|---|---|---|
| 005 | 20141118153557.0 | ||
| 010 | _aENG-111158 | ||
| 020 |
_c795.00 _a9789351432562 |
||
| 035 | _aEN-94690 | ||
| 037 | _bDBAD/PUB | ||
| 082 | _a000 | ||
| 245 |
_aBihar and Jharkhand Judicial Services (preliminary) examination : _ba complete preparation manual |
||
| 260 |
_aGurgoan _bLexisNexis _c2014 |
||
| 270 |
_bGurgoan _e122002 _a14th Floor, Building No. 10, Tower-B, DLF Cyber City, Phase-II |
||
| 300 |
_avarious pagings _c28cm(pbk) |
||
| 490 | _aCATAPULT test prep series | ||
| 942 |
_2ddc _cEN _mBIH _h000 |
||
| 999 |
_c89862 _d89862 |
||